Akta Insurans 1996 (Akta 553) & peraturan-peraturan dan perintah-perintah : (hingga 10hb Mac 2005)

Bibliographic Details
Corporate Authors: Malaysia, International Law Book Services. Lembaga Penyelidikan Undang-Undang
Format: Book
Published: Petaling Jaya : ILBS , 2005
Subjects:

MARC

LEADER 00000cam a2200000 7i4500
001 0000018304
005 20061213.0
020 |a 9678912635 
040 |a INS 
090 0 0 |a KPG931   |b M4 2005 
110 1 |a Malaysia 
240 0 0 |a [Akta Insurans 1996 (Akta 553)] 
245 1 0 |a Akta Insurans 1996 (Akta 553) & peraturan-peraturan dan perintah-perintah :   |b (hingga 10hb Mac 2005)   |c International Law Book Services 
260 |a Petaling Jaya :   |b ILBS ,   |c 2005 
300 |a 234 p. ;   |c 24 cm. 
650 0 0 |a Insurance law   |z Malaysia 
710 1 |a International Law Book Services. Lembaga Penyelidikan Undang-Undang 
740 0 |a Undang-Undang Malaysia 
999 |a 0000017857   |b BOOK   |c Acts   |e Default branch